| 000 | 00982nam a2200241 a 4500 | ||
|---|---|---|---|
| 001 | 83166 | ||
| 003 | BD-RjUL | ||
| 005 | 20240227122451.0 | ||
| 008 | 240227s2021 ii ||||| |||| 00| 0 eng d | ||
| 020 | _a8189827103 | ||
| 035 | _a(BD-RjUL)83166 | ||
| 040 |
_aBD-RjUL _beng _cBD-RjUL |
||
| 041 | _aeng | ||
| 082 |
_223 _a891.4409 _bCHS 2021 |
||
| 100 |
_aচট্টোপাধ্যায়, হীরেন _911935 |
||
| 245 |
_aসাহিত্য প্রকরণ / _cহীরেন চট্টোপাধ্যায় |
||
| 250 | _a৪র্থ সংযোজিত ও পরিবর্ধিত সং. | ||
| 260 |
_aকলকাতা : _bবঙ্গীয় সাহিত্য সংসদ, _c২০২১ |
||
| 300 |
_a৫৭০ পৃ.; _c২২ সেমি. |
||
| 650 |
_aবাংলা সাহিত্য _xইতিহাস ও সমালোচনা _911936 |
||
| 650 |
_aBengali literature _xHistory and Criticism |
||
| 942 |
_2ddc _cBK |
||
| 999 |
_c83166 _d83166 |
||